UBT Library

Writing with a purpose / (Record no. 47234)

000 -LEADER
fixed length control field 00588cam a2200217 i 4500
001 - CONTROL NUMBER
control field 1811033
005 - DATE AND TIME OF LATEST TRANSACTION
control field 20180820070416.0
008 - FIXED-LENGTH DATA ELEMENTS--GENERAL INFORMATION
fixed length control field 800724s1980 maua b 001 0 eng
010 ## - LIBRARY OF CONGRESS CONTROL NUMBER
LC control number 79088599
020 ## - INTERNATIONAL STANDARD BOOK NUMBER
International Standard Book Number 0395282535
040 ## - CATALOGING SOURCE
Original cataloging agency DLC
Transcribing agency DLC
Modifying agency DLC
041 ## - LANGUAGE CODE
Language code of text/sound track or separate title eng
080 ## - UNIVERSAL DECIMAL CLASSIFICATION NUMBER
Universal Decimal Classification number 808.042
082 00 - DEWEY DECIMAL CLASSIFICATION NUMBER
Classification number 808.042
Edition number 19
100 1# - Rafti
Rafti 48
101 ## - Shkurtesa
Shkurtesa EDU
245 10 - TITLE STATEMENT
Title Writing with a purpose /
Statement of responsibility, etc James M. McCrimmon, contributing authors, Susan Miller, Webb Salmon.
504 ## - BIBLIOGRAPHY, ETC. NOTE
Bibliography, etc Bibliography: p. 312-327.
906 ## - LOCAL DATA ELEMENT F, LDF (RLIN)
a 7
b cbc
c orignew
d u
e opcn
f 19
g y-gencatlg
942 ## - ADDED ENTRY ELEMENTS (KOHA)
Source of classification or shelving scheme
Item type Books
Holdings
Withdrawn status Lost status Source of classification or shelving scheme Damaged status Not for loan Collection code Permanent location Current location Shelving location Date acquired Total Checkouts Full call number Barcode Date last seen Price effective from Koha item type
          Koleksioni i përgjithshem UBT - Lipjan UBT - Lipjan Koleksioni i përgjithshem 08/20/2018   808.042 MIC 002-3011422 08/20/2018 08/20/2018 Books
          Koleksioni i përgjithshem UBT - Lipjan UBT - Lipjan Koleksioni i përgjithshem 03/12/2021   82 MCC 002-7002081 03/12/2021 03/12/2021 Books
UBT Library © 2015-2024. All rights reserved University Education for Business and Technology